| 000 | 01629nam0a2200349 i 4500 | ||
|---|---|---|---|
| 001 | RU\NLR\BIBL_A\010401642 | ||
| 005 | 20241103072612.0 | ||
| 010 |
_a9785906033056 _92000 |
||
| 021 |
_aRU _b2014-26623 _91648 |
||
| 035 | _a(NILC)RuMoRGB-006804507 | ||
| 035 | _a(NLR Aleph) 010401642 | ||
| 090 |
_a9710403 _c9710403 |
||
| 100 | _a20140616d2014 um y0rusy50 ca | ||
| 101 | 0 | _arus | |
| 102 | _aRU | ||
| 105 | _aa|||z||||01yy | ||
| 200 | 1 |
_aТрансплантология. Фармакотерапия без ошибок _eруководство для врачей _f[Арзуманов Сергей Викторович, к. м. н., проф. и др.] _gпод ред. акад. РАМН С. В. Готье, проф. Я. Г. Мойсюка |
|
| 210 |
_aМосква _cE-noto _d2014 _d[т. е. 2013] |
||
| 215 |
_a431 с., [1] л. цв. ил. _cил. _d18 |
||
| 300 | _aКн. фактически изд. в 2013 г. | ||
| 320 | _aБиблиогр.: с.429-430 | ||
| 320 | _aУказ. лекарств. средств: с. 431 | ||
| 517 | 1 | _aФармакотерапия без ошибок | |
| 606 |
_aФармакотерапия _jРуководства, пособия и т.п _xПрименение в трансплантологии _92187642 _3RU\NLR\AUTH\6601551228 |
||
| 686 | 1 | _aР454.99я77 | |
| 702 | 1 |
_aАрзуманов _bС. В. _gСергей Викторович _4220 |
|
| 702 | 1 |
_aГотье _bС. В. _f1947- _gСергей Владимирович _4340 |
|
| 801 | 0 |
_aRU _bРГБ _c20140416 _gRCR |
|
| 942 | _cBOOK | ||
| 980 | _aNBR | ||